[Event "Moscow op-A"]
[Site "Moscow"]
[Date "2016.01.30"]
[Round "1"]
[White "Zhadanov, Vasili B"]
[Black "Yuffa, Daniil"]
[Result "1/2-1/2"]
[WhiteElo "2306"]
[BlackElo "2516"]
[PlyCount "61"]
[EventDate "2016.01.30"]
[EventType "swiss"]
[EventRounds "9"]
[EventCountry "RUS"]
[SourceTitle "CBM 170 Extra"]
[Source "ChessBase"]
[SourceDate "2016.02.25"]
[SourceVersion "1"]
[SourceVersionDate "2016.02.25"]
[SourceQuality "1"]

1. e4 c6 2. Nc3 d5 3. Nf3 Nf6 4. e5 Ne4 5. d4 Bg4 6. h3 Nxc3 7. bxc3 Bxf3 8. Qxf3 e6 9. Qg3 g6 10. h4 h5 11. Rb1 Qc7 12. Bg5 Be7 13. Rh3 c5 14. Bxe7 Qxe7 15. Qg5 c4 16. Qxe7+ Kxe7 17. Rxb7+ Nd7 18. Kd2 Rhb8 19. Rxb8 Rxb8 20. Kc1 Nb6 21. Be2 Na4 22. g4 hxg4 23. Bxg4 a5 24. Kd2 Rb1 25. h5 gxh5 26. Bxh5 Rg1 27. Be2 Rg2 28. Rh8 Rxf2 29. Ra8 Nxc3 30. Kxc3 Rxe2 31. Rxa5 1/2-1/2

[Event "Moscow Cup"]
[Site "Moscow"]
[Date "2015.12.20"]
[Round "9"]
[White "Zhadanov, Vasili B"]
[Black "Aslanov, Sergei"]
[Result "0-1"]
[WhiteElo "2321"]
[BlackElo "2332"]
[PlyCount "50"]
[EventDate "2015.12.03"]
[EventType "tourn"]
[EventRounds "9"]
[EventCountry "RUS"]
[SourceTitle "EXT 2018"]
[Source "ChessBase"]
[SourceDate "2017.10.13"]
[SourceVersion "1"]
[SourceVersionDate "2017.10.13"]
[SourceQuality "1"]

1. e4 g6 2. d4 Bg7 3. Nc3 d6 4. f4 a6 5. Be2 Nd7 6. Be3 b5 7. Qd2 Bb7 8. Bf3 e5 9. a4 b4 10. Nd1 a5 11. Nf2 Ngf6 12. g4 Qe7 13. dxe5 dxe5 14. f5 gxf5 15. exf5 e4 16. Bg2 Nd5 17. Ne2 Ne5 18. f6 Bxf6 19. Nxe4 Nc4 20. Nxf6+ Nxf6 21. Bxb7 Nxd2 22. Bxd2 Rd8 23. 0-0-0 Qxe2 24. Rde1 Rxd2 25. Bf3 Rd1+ 0-1

[Event "Moscow Cup"]
[Site "Moscow"]
[Date "2015.12.12"]
[Round "5"]
[White "Zhadanov, Vasili B"]
[Black "Ivanova, Karina"]
[Result "0-1"]
[WhiteElo "2321"]
[BlackElo "2144"]
[PlyCount "76"]
[EventDate "2015.12.03"]
[EventType "tourn"]
[EventRounds "9"]
[EventCountry "RUS"]
[SourceTitle "EXT 2018"]
[Source "ChessBase"]
[SourceDate "2017.10.13"]
[SourceVersion "1"]
[SourceVersionDate "2017.10.13"]
[SourceQuality "1"]

1. e4 c6 2. Nc3 d5 3. Nf3 Bg4 4. h3 Bxf3 5. Qxf3 e6 6. d3 Nd7 7. Bd2 Bc5 8. 0-0-0 Qf6 9. Qxf6 Ngxf6 10. f4 0-0-0 11. g4 dxe4 12. dxe4 h5 13. g5 Ng8 14. h4 Ne7 15. Bh3 Kc7 16. Rhf1 Nb6 17. b3 Rd4 18. Be3 Rxd1+ 19. Nxd1 Bxe3+ 20. Nxe3 Re8 21. f5 exf5 22. Bxf5 Nxf5 23. Nxf5 g6 24. Nh6 Rxe4 25. Rxf7+ Nd7 26. Rh7 Re6 27. Ng8 Kd6 28. b4 b5 29. Kd1 a6 30. a3 Ne5 31. Nf6 Nf3 32. c4 Nxh4 33. Rh6 Nf5 34. c5+ Ke5 35. Rxg6 Nd4 36. Kd2 Nf3+ 37. Kd3 Nxg5 38. Nd7+ Kf5 0-1

[Event "Moscow Cup"]
[Site "Moscow"]
[Date "2015.12.10"]
[Round "4"]
[White "Karimov, Alisher"]
[Black "Zhadanov, Vasili B"]
[Result "0-1"]
[WhiteElo "2284"]
[BlackElo "2321"]
[PlyCount "96"]
[EventDate "2015.12.03"]
[EventType "tourn"]
[EventRounds "9"]
[EventCountry "RUS"]
[SourceTitle "EXT 2018"]
[Source "ChessBase"]
[SourceDate "2017.10.13"]
[SourceVersion "1"]
[SourceVersionDate "2017.10.13"]
[SourceQuality "1"]

1. Nf3 Nf6 2. c4 g6 3. Nc3 d5 4. Qa4+ Nc6 5. d4 Bg7 6. Bg5 Ne4 7. cxd5 Nxc3 8. bxc3 Qxd5 9. Bf4 Bd7 10. Qb3 Qf5 11. e3 e5 12. Bg3 exd4 13. cxd4 Qa5+ 14. Nd2 0-0 15. Bc4 Rae8 16. 0-0-0 a6 17. Qb2 b5 18. Nb3 Qb6 19. Bd3 Na5 20. Nc5 Bc6 21. Rhg1 Nb7 22. Qc2 Nxc5 23. Qxc5 Qb7 24. Kb2 Rc8 25. f3 Rfd8 26. Rc1 Bd5 27. Rgd1 Bf8 28. Qc2 c5 29. dxc5 Bxc5 30. Qe2 Qe7 31. Kb1 Bxe3 32. Rxc8 Rxc8 33. Qb2 Rd8 34. Be5 Bc4 35. Bc2 Rxd1+ 36. Bxd1 Qd7 37. Bc2 Qd2 38. Bc3 Qxg2 39. Ka1 Qf1+ 40. Bb1 Bd3 41. a3 Bc5 42. a4 Qxb1+ 43. Qxb1 Bxb1 44. Kxb1 bxa4 45. Kc2 Kf8 46. Kd3 Ke7 47. Kc4 Bd6 48. Kd5 Bxh2 0-1

[Event "Moscow IM-A 06"]
[Site "Moscow"]
[Date "2011.06.21"]
[Round "8"]
[White "Turutin, Alexander"]
[Black "Zhadanov, Vasili B"]
[Result "1-0"]
[WhiteElo "2402"]
[BlackElo "2295"]
[PlyCount "117"]
[EventDate "2011.06.09"]
[EventType "tourn"]
[EventRounds "9"]
[EventCountry "RUS"]
[SourceTitle "EXT 2013"]
[Source "ChessBase"]
[SourceDate "2012.11.22"]
[SourceVersion "1"]
[SourceVersionDate "2012.11.22"]
[SourceQuality "1"]

1. e4 c5 2. Nf3 d6 3. d4 cxd4 4. Nxd4 Nf6 5. Nc3 a6 6. h3 b5 7. a3 e5 8. Nde2 Bb7 9. Bg5 Nbd7 10. Ng3 Be7 11. Nf5 0-0 12. Qf3 Nd5 13. exd5 Bxg5 14. Nxd6 Nc5 15. Nxb7 Nxb7 16. Bd3 Nd6 17. Ne4 f5 18. Nxd6 e4 19. Bxe4 fxe4 20. Qg4 Bd2+ 21. Kxd2 Qxd6 22. Qe6+ Qxe6 23. dxe6 Rxf2+ 24. Ke3 Rxc2 25. Rac1 Rxg2 26. Rc6 Re8 27. Rhc1 Rg6 28. Rxa6 Rgxe6 29. Rxe6 Rxe6 30. Rc5 b4 31. axb4 Rh6 32. b5 Rxh3+ 33. Kxe4 Rb3 34. Kd5 h5 35. Kc6 h4 36. b6 h3 37. b7 Kf7 38. Rh5 Rxb2 39. Rxh3 Rc2+ 40. Kb6 Rb2+ 41. Ka7 Ra2+ 42. Kb8 g5 43. Rb3 Re2 44. Kc7 Re8 45. b8Q Rxb8 46. Rxb8 Ke6 47. Rg8 Kf5 48. Kd6 Kf4 49. Kd5 g4 50. Kd4 Kf3 51. Kd3 g3 52. Rf8+ Kg2 53. Ke2 Kg1 54. Rg8 g2 55. Kf3 Kh1 56. Rh8+ Kg1 57. Kg3 Kf1 58. Rf8+ Kg1 59. Rg8 1-0

[Event "Moscow IM-A 06"]
[Site "Moscow"]
[Date "2011.06.20"]
[Round "7"]
[White "Arustamian, Artur"]
[Black "Zhadanov, Vasili B"]
[Result "1-0"]
[WhiteElo "2426"]
[BlackElo "2295"]
[PlyCount "103"]
[EventDate "2011.06.09"]
[EventType "tourn"]
[EventRounds "9"]
[EventCountry "RUS"]
[SourceTitle "EXT 2013"]
[Source "ChessBase"]
[SourceDate "2012.11.22"]
[SourceVersion "1"]
[SourceVersionDate "2012.11.22"]
[SourceQuality "1"]

1. e4 c5 2. Nf3 e6 3. d4 cxd4 4. Nxd4 Nf6 5. Nc3 d6 6. g3 a6 7. Bg2 Qc7 8. 0-0 Be7 9. f4 Nc6 10. Nxc6 bxc6 11. b3 0-0 12. Bb2 Bb7 13. Qe2 e5 14. Na4 Nd7 15. c4 Bf6 16. Rad1 exf4 17. gxf4 Rad8 18. c5 Nxc5 19. Nxc5 dxc5 20. Bxf6 gxf6 21. Qg4+ Kh8 22. Qf5 Qe7 23. Rxd8 Rxd8 24. e5 fxe5 25. fxe5 c4 26. Be4 Rg8+ 27. Kh1 Rg7 28. bxc4 Kg8 29. Rd1 c5 30. Bd5 h6 31. Rg1 Bxd5+ 32. cxd5 Rxg1+ 33. Kxg1 Qg5+ 34. Qxg5+ hxg5 35. d6 Kf8 36. Kf2 Ke8 37. Ke3 Kd7 38. Ke4 Ke6 39. h3 c4 40. Kd4 f6 41. Kxc4 fxe5 42. Kc5 Kd7 43. Kd5 e4 44. Kxe4 Kxd6 45. Kf5 a5 46. Kxg5 Ke7 47. Kf5 a4 48. Ke5 a3 49. Kd4 Kf6 50. Kc3 Kg5 51. Kb3 Kh4 52. Kxa3 1-0

[Event "Moscow IM-A 06"]
[Site "Moscow"]
[Date "2011.06.11"]
[Round "2"]
[White "Zhadanov, Vasili B"]
[Black "Rozanov, Pavel B"]
[Result "1-0"]
[WhiteElo "2295"]
[BlackElo "2276"]
[PlyCount "101"]
[EventDate "2011.06.09"]
[EventType "tourn"]
[EventRounds "9"]
[EventCountry "RUS"]
[SourceTitle "EXT 2013"]
[Source "ChessBase"]
[SourceDate "2012.11.22"]
[SourceVersion "1"]
[SourceVersionDate "2012.11.22"]
[SourceQuality "1"]

1. e4 g6 2. d4 Bg7 3. Nc3 c6 4. f4 d5 5. e5 Qb6 6. h3 Nh6 7. Nf3 f6 8. Bd3 Bf5 9. g4 Bxd3 10. Qxd3 f5 11. Rg1 Na6 12. Be3 0-0-0 13. 0-0-0 Nc7 14. Kb1 Qa6 15. Qd2 e6 16. Ne2 Bf8 17. Bf2 Bb4 18. Qe3 Be7 19. Bh4 Bxh4 20. Nxh4 Rdf8 21. Nc1 Qb6 22. Nd3 Na6 23. Nf3 Kb8 24. Rg2 Re8 25. Rh1 Nb4 26. Nc5 Qa5 27. a3 Na6 28. Nd7+ Ka8 29. Nf6 Re7 30. Qf2 Qd8 31. g5 Ng8 32. h4 Rg7 33. h5 Ne7 34. Rgh2 Rf8 35. hxg6 hxg6 36. Rh6 Nb8 37. Qh4 Nd7 38. Rh7 Rgf7 39. Rxf7 Rxf7 40. Qh8 Rf8 41. Qg7 Nb6 42. Rh7 Nbc8 43. b3 c5 44. dxc5 d4 45. Ne1 a5 46. a4 Ka7 47. Nd3 Ka6 48. c6 bxc6 49. Nc5+ Ka7 50. Qxf8 Qc7 51. Ng8 1-0

[Event "Moscow IM-A 06"]
[Site "Moscow"]
[Date "2011.06.09"]
[Round "1"]
[White "Kalinichenko, Oleg"]
[Black "Zhadanov, Vasili B"]
[Result "0-1"]
[WhiteElo "2243"]
[BlackElo "2295"]
[PlyCount "54"]
[EventDate "2011.06.09"]
[EventType "tourn"]
[EventRounds "9"]
[EventCountry "RUS"]
[SourceTitle "EXT 2013"]
[Source "ChessBase"]
[SourceDate "2012.11.22"]
[SourceVersion "1"]
[SourceVersionDate "2012.11.22"]
[SourceQuality "1"]

1. e4 c5 2. Nf3 d6 3. Bb5+ Bd7 4. Bxd7+ Nxd7 5. c4 Ngf6 6. Nc3 e6 7. 0-0 Be7 8. d4 cxd4 9. Nxd4 a6 10. b3 Rc8 11. Bb2 Qa5 12. Rc1 0-0 13. Qe2 Rfe8 14. Rfd1 Bd8 15. Nc2 Bc7 16. Ne3 Bb8 17. a3 Qg5 18. b4 Qh6 19. g3 Ne5 20. f4 Ba7 21. Kh1 Bxe3 22. Qxe3 Qxh2+ 23. Kxh2 Neg4+ 24. Kh3 Nxe3 25. e5 dxe5 26. fxe5 Nxd1 27. exf6 Nxb2 0-1

[Event "Moscow op-A"]
[Site "Moscow"]
[Date "2010.02.07"]
[Round "9"]
[White "Syrchikov, Alexander"]
[Black "Zhadanov, Vasili B"]
[Result "1/2-1/2"]
[WhiteElo "2304"]
[BlackElo "2292"]
[PlyCount "106"]
[EventDate "2010.01.30"]
[EventType "swiss"]
[EventRounds "9"]
[EventCountry "RUS"]
[SourceTitle "EXT 2022"]
[Source "ChessBase"]
[SourceDate "2021.10.06"]
[SourceVersion "1"]
[SourceVersionDate "2021.10.06"]
[SourceQuality "1"]

1. d4 Nf6 2. Nf3 g6 3. Bf4 Bg7 4. e3 c5 5. c3 0-0 6. h3 d5 7. Nbd2 cxd4 8. cxd4 Bf5 9. Ne5 Nc6 10. Nxc6 bxc6 11. Rc1 Nd7 12. g4 e5 13. dxe5 Be6 14. Nf3 Qa5+ 15. Qd2 Qxa2 16. Rxc6 Rfb8 17. Rc2 Bf8 18. Ke2 Bb4 19. Qd4 Qb1 20. Qd1 Qa2 21. Bg2 Nc5 22. Nd4 Qa6+ 23. Kf3 Ne4 24. Bf1 Qa2 25. Bd3 Rc8 26. Rxc8+ Rxc8 27. Qa1 Qxa1 28. Rxa1 Nd2+ 29. Ke2 a5 30. Bb5 Ne4 31. f3 Nc5 32. Rc1 Rb8 33. Bh6 Bc8 34. Kd1 Ne6 35. Ba4 Bf8 36. Bxf8 Kxf8 37. Nxe6+ Bxe6 38. b3 d4 39. exd4 Rd8 40. Ke2 Rxd4 41. Rc5 Rd5 42. Rxd5 Bxd5 43. f4 h6 44. h4 g5 45. hxg5 hxg5 46. fxg5 Kg7 47. Ke3 Kg6 48. Kd4 Be6 49. Kc5 Kxg5 50. Kb6 Kxg4 51. Kxa5 Bxb3 52. Bxb3 Kf5 53. Bxf7 Kxe5 1/2-1/2

[Event "Moscow op-A"]
[Site "Moscow"]
[Date "2009.02.07"]
[Round "8"]
[White "Zhadanov, Vasili B"]
[Black "Kargin, Arseny"]
[Result "1/2-1/2"]
[WhiteElo "2233"]
[BlackElo "2389"]
[PlyCount "54"]
[EventDate "2009.01.31"]
[EventType "swiss"]
[EventRounds "9"]
[EventCountry "RUS"]
[SourceTitle "EXT 2023"]
[Source "ChessBase"]
[SourceDate "2022.10.05"]
[SourceVersion "1"]
[SourceVersionDate "2022.10.05"]
[SourceQuality "1"]

1. e4 c5 2. Nf3 d6 3. d4 cxd4 4. Nxd4 Nf6 5. Nc3 g6 6. Be3 Bg7 7. Qd2 Nc6 8. f3 0-0 9. g4 Nxd4 10. Bxd4 Be6 11. h4 Qa5 12. h5 Rfc8 13. hxg6 hxg6 14. g5 Nh5 15. Bxg7 Kxg7 16. f4 Rxc3 17. Qxc3+ Qxc3+ 18. bxc3 Nxf4 19. Rh4 Nh5 20. Kd2 f6 21. gxf6+ Nxf6 22. Bd3 Nd7 23. Rah1 Bg8 24. a4 b6 25. a5 bxa5 26. Ra1 a4 27. Rxa4 a5 1/2-1/2

[Event "Moscow op-A"]
[Site "Moscow"]
[Date "2009.02.01"]
[Round "2"]
[White "Zhadanov, Vasili B"]
[Black "Belous, Vladimir"]
[Result "1-0"]
[WhiteElo "2233"]
[BlackElo "2023"]
[PlyCount "53"]
[EventDate "2009.01.31"]
[EventType "swiss"]
[EventRounds "9"]
[EventCountry "RUS"]
[SourceTitle "EXT 2022"]
[Source "ChessBase"]
[SourceDate "2021.10.06"]
[SourceVersion "1"]
[SourceVersionDate "2021.10.06"]
[SourceQuality "1"]

1. e4 c5 2. Nf3 e6 3. d4 cxd4 4. Nxd4 a6 5. Nc3 Qc7 6. Be2 b5 7. f4 Bb7 8. Bf3 b4 9. Na4 d6 10. 0-0 Nd7 11. c3 Ngf6 12. Re1 a5 13. e5 Nd5 14. exd6 Bxd6 15. Nxe6 fxe6 16. Rxe6+ Be7 17. Bxd5 Rd8 18. Bxb7 Qxb7 19. Qe2 Nf6 20. Bd2 Kf7 21. Re1 Rhe8 22. Qc4 Kf8 23. Be3 Qd5 24. Qxd5 Nxd5 25. Bd4 Nxf4 26. Rf1 Bg5 27. Re5 1-0

[Event "Moscow op"]
[Site "Moscow"]
[Date "2008.05.04"]
[Round "5"]
[White "Voronkov, Denis"]
[Black "Zhadanov, Vasili B"]
[Result "0-1"]
[WhiteElo "1942"]
[BlackElo "2178"]
[PlyCount "100"]
[EventDate "2008.04.30"]
[EventType "swiss"]
[EventRounds "9"]
[EventCountry "RUS"]
[SourceTitle "CBM 124 Extra"]
[Source "ChessBase"]
[SourceDate "2008.07.03"]
[SourceVersion "1"]
[SourceVersionDate "2008.07.03"]
[SourceQuality "1"]

1. d4 Nf6 2. Nf3 e6 3. Bg5 Be7 4. e3 b6 5. Bd3 c5 6. c3 Bb7 7. Nbd2 d6 8. 0-0 Nbd7 9. a4 a5 10. Nc4 0-0 11. h3 Rc8 12. Re1 Ba6 13. Rc1 h6 14. Bf4 d5 15. Nce5 Bxd3 16. Qxd3 c4 17. Qc2 Ne4 18. Nxd7 Qxd7 19. Ne5 Qe8 20. f3 Nf6 21. b3 Nd7 22. Ng4 h5 23. Nf2 Bh4 24. g3 Be7 25. e4 Nf6 26. Bg5 Qd7 27. Rb1 cxb3 28. Qxb3 Rc6 29. Nd3 Qc8 30. Bd2 dxe4 31. fxe4 Nd7 32. h4 e5 33. Rbc1 Rg6 34. Kh2 Qb8 35. d5 Qd8 36. Re3 Bxh4 37. Rf3 Bg5 38. Qc2 h4 39. g4 Bxd2 40. Qxd2 Rxg4 41. Qe3 Qg5 42. Rf5 Qg6 43. Nxe5 Nxe5 44. Rxe5 f6 45. Re6 h3 46. Qf3 Rg2+ 47. Kh1 Qg5 48. Rd1 Rc8 49. d6 Rxc3 50. Qxc3 Rh2+ 0-1

[Event "Moscow op"]
[Site "Moscow"]
[Date "2008.04.30"]
[Round "1"]
[White "Zaitsev, Dmitry A"]
[Black "Zhadanov, Vasili B"]
[Result "0-1"]
[WhiteElo "2225"]
[BlackElo "2178"]
[PlyCount "88"]
[EventDate "2008.04.30"]
[EventType "swiss"]
[EventRounds "9"]
[EventCountry "RUS"]
[SourceTitle "CBM 124 Extra"]
[Source "ChessBase"]
[SourceDate "2008.07.03"]
[SourceVersion "1"]
[SourceVersionDate "2008.07.03"]
[SourceQuality "1"]

1. e4 c5 2. Nf3 d6 3. d4 cxd4 4. Nxd4 Nf6 5. Nc3 a6 6. Bc4 e6 7. Bb3 Nbd7 8. 0-0 Nc5 9. Qe2 Be7 10. Kh1 Qc7 11. f4 Nfd7 12. f5 Ne5 13. fxe6 fxe6 14. Qh5+ g6 15. Qh3 Qd7 16. Bf4 Nc6 17. Nxc6 bxc6 18. Rad1 Nxb3 19. axb3 e5 20. Qxd7+ Bxd7 21. Be3 Be6 22. Na4 0-0-0 23. c4 Kb7 24. Nc3 Rd7 25. Ra1 Rf8 26. Rxf8 Bxf8 27. Rf1 Rf7 28. Rxf7+ Bxf7 29. g3 Be7 30. Kg2 Bd8 31. Na4 Ba5 32. Kh3 Be8 33. Kh4 Bb4 34. Kg5 d5 35. Kf6 d4 36. Bc1 Bd7 37. Kxe5 c5 38. Kf4 h5 39. e5 Bf5 40. Kf3 Bc2 41. e6 Bxb3 42. Nxc5+ Bxc5 43. Bg5 Bxc4 44. Ke4 Bxe6 0-1

[Event "Kimry-ch"]
[Site "Kimry"]
[Date "2007.01.03"]
[Round "4"]
[White "Erzhanov, Arman"]
[Black "Zhadanov, Vasili B"]
[Result "1/2-1/2"]
[WhiteElo "2276"]
[BlackElo "2209"]
[PlyCount "41"]
[EventDate "2007.01.02"]
[EventType "swiss"]
[EventRounds "9"]
[EventCountry "RUS"]
[SourceTitle "EXT 2010"]
[Source "ChessBase"]
[SourceDate "2010.11.25"]
[SourceVersion "1"]
[SourceVersionDate "2010.11.25"]
[SourceQuality "1"]

1. e4 c5 2. Nf3 d6 3. Bb5+ Bd7 4. Bxd7+ Qxd7 5. 0-0 Nc6 6. c3 Nf6 7. d4 cxd4 8. cxd4 d5 9. e5 Ne4 10. Ne1 h6 11. f3 Ng5 12. Be3 f5 13. h4 Nf7 14. h5 e6 15. Nd3 Be7 16. Qd2 Rg8 17. Nf4 Nh8 18. Nc3 g5 19. hxg6 Nxg6 20. Nxg6 Rxg6 21. Ne2 1/2-1/2

[Event "Kimry-ch"]
[Site "Kimry"]
[Date "2007.01.02"]
[Round "2"]
[White "Golebev, Andrey"]
[Black "Zhadanov, Vasili B"]
[Result "1/2-1/2"]
[WhiteElo "2118"]
[BlackElo "2209"]
[PlyCount "72"]
[EventDate "2007.01.02"]
[EventType "swiss"]
[EventRounds "9"]
[EventCountry "RUS"]
[SourceTitle "EXT 2010"]
[Source "ChessBase"]
[SourceDate "2010.11.25"]
[SourceVersion "1"]
[SourceVersionDate "2010.11.25"]
[SourceQuality "1"]

1. d4 Nf6 2. Nf3 g6 3. c4 Bg7 4. Nc3 d5 5. Bf4 0-0 6. cxd5 Nxd5 7. Nxd5 Qxd5 8. Bxc7 Nc6 9. e3 Bf5 10. a3 Rac8 11. Bf4 Na5 12. Bd3 Nc4 13. Bxf5 Qxf5 14. 0-0 Nxb2 15. Qb3 Nd3 16. Bg3 Nc5 17. dxc5 Bxa1 18. Rxa1 Qxc5 19. h3 Qc3 20. Qa2 Qc2 21. Qd5 Qc6 22. Qd4 Rfd8 23. Qh4 Qf6 24. Qxf6 exf6 25. Nd4 Rc5 26. a4 Rdc8 27. Kh2 Ra5 28. Nb3 Ra6 29. Nd4 Rc5 30. Nb3 Rc3 31. Nd2 Rc2 32. Nb3 Rb2 33. Nc5 Ra5 34. Rc1 b6 35. Nd7 Kg7 36. Rc6 Rd2 1/2-1/2

[Event "Kimry-ch"]
[Site "Kimry"]
[Date "2007.01.02"]
[Round "1"]
[White "Zhadanov, Vasili B"]
[Black "Lashkov, Vladimir"]
[Result "1-0"]
[WhiteElo "2209"]
[BlackElo "1993"]
[PlyCount "91"]
[EventDate "2007.01.02"]
[EventType "swiss"]
[EventRounds "9"]
[EventCountry "RUS"]
[SourceTitle "EXT 2010"]
[Source "ChessBase"]
[SourceDate "2010.11.25"]
[SourceVersion "1"]
[SourceVersionDate "2010.11.25"]
[SourceQuality "1"]

1. e4 g6 2. d4 Bg7 3. Nc3 d6 4. f4 a6 5. Be2 Nc6 6. Be3 Nf6 7. e5 Nd7 8. Nf3 Nb6 9. d5 Nb8 10. 0-0 Bg4 11. e6 fxe6 12. Ng5 Bf5 13. dxe6 h6 14. Nf7 Qc8 15. Nxh8 Bxh8 16. Bd4 Bf6 17. Bxf6 exf6 18. Bd3 Bxe6 19. Bxg6+ Kf8 20. Qh5 Kg7 21. f5 Nc6 22. fxe6 Qxe6 23. Bf5 Qe3+ 24. Kh1 Qg5 25. Qxg5+ hxg5 26. Be4 Nd8 27. Nd5 Nxd5 28. Bxd5 c6 29. Bb3 d5 30. c4 d4 31. c5 Nf7 32. Bxf7 Kxf7 33. Rfe1 Rd8 34. Rad1 Rd5 35. b4 f5 36. Rd3 Kf6 37. g4 f4 38. Re4 a5 39. a3 axb4 40. axb4 b5 41. Rexd4 Rxd4 42. Rxd4 Ke5 43. Rd6 f3 44. Rxc6 Kf4 45. Rf6+ Kxg4 46. c6 1-0

[Event "Kimry-ch"]
[Site "Kimry"]
[Date "2005.01.??"]
[Round "3"]
[White "Karklin, Viacheslav"]
[Black "Zhadanov, Vasili B"]
[Result "0-1"]
[WhiteElo "2197"]
[BlackElo "2222"]
[PlyCount "70"]
[EventDate "2005.01.??"]
[EventType "swiss"]
[EventRounds "9"]
[EventCountry "RUS"]
[SourceTitle "EXT 2006"]
[Source "ChessBase"]
[SourceDate "2005.11.24"]
[SourceVersion "1"]
[SourceVersionDate "2005.11.24"]
[SourceQuality "1"]

1. d4 Nf6 2. Nf3 g6 3. Nbd2 d5 4. e3 Bg7 5. Bd3 0-0 6. 0-0 c5 7. c3 Bg4 8. h3 Bxf3 9. Nxf3 Nbd7 10. Bd2 Qc7 11. Rc1 e5 12. dxe5 Nxe5 13. Nxe5 Qxe5 14. b3 Rfd8 15. Qc2 Ne4 16. Rfd1 Rd6 17. Be1 f5 18. c4 d4 19. exd4 cxd4 20. Bb4 Re6 21. Re1 Rae8 22. Re2 a5 23. Bd2 Qf6 24. Rce1 Nc3 25. Bxc3 dxc3 26. Rxe6 Rxe6 27. Rxe6 Qxe6 28. Kf1 h6 29. Qe2 Qd6 30. Qf3 Qa3 31. Qd5+ Kh7 32. g4 Qc1+ 33. Kg2 c2 34. gxf5 Qg5+ 35. Kf3 c1Q 0-1

[Event "Kimry-ch"]
[Site "Kimry"]
[Date "2005.01.??"]
[Round "6"]
[White "Makhnev, Vladimir"]
[Black "Zhadanov, Vasili B"]
[Result "1-0"]
[WhiteElo "2273"]
[BlackElo "2222"]
[PlyCount "55"]
[EventDate "2005.01.??"]
[EventType "swiss"]
[EventRounds "9"]
[EventCountry "RUS"]
[SourceTitle "EXT 2006"]
[Source "ChessBase"]
[SourceDate "2005.11.24"]
[SourceVersion "1"]
[SourceVersionDate "2005.11.24"]
[SourceQuality "1"]

1. d4 Nf6 2. c4 g6 3. Nc3 d5 4. Qb3 dxc4 5. Qxc4 c6 6. Nf3 Be6 7. Qd3 Bg7 8. e4 0-0 9. Be2 b5 10. Qc2 Bg4 11. Be3 Nbd7 12. 0-0 Nb6 13. Ne5 Qc8 14. f3 Be6 15. Nd1 c5 16. dxc5 b4 17. Qd2 Nbd7 18. Nxd7 Nxd7 19. Qxb4 Rb8 20. Qa3 Qc7 21. Rc1 Be5 22. f4 Bg7 23. b4 Nf6 24. Nf2 Qb7 25. b5 Qc7 26. c6 Ra8 27. Rfd1 Ne8 28. b6 1-0

[Event "Kimry-ch"]
[Site "Kimry"]
[Date "2005.01.??"]
[Round "2"]
[White "Zhadanov, Vasili B"]
[Black "Doronine, Vladimir"]
[Result "1-0"]
[WhiteElo "2222"]
[BlackElo "1895"]
[PlyCount "43"]
[EventDate "2005.01.??"]
[EventType "swiss"]
[EventRounds "9"]
[EventCountry "RUS"]
[SourceTitle "EXT 2006"]
[Source "ChessBase"]
[SourceDate "2005.11.24"]
[SourceVersion "1"]
[SourceVersionDate "2005.11.24"]
[SourceQuality "1"]

1. e4 d6 2. d4 Nf6 3. Nc3 g6 4. f4 Bg7 5. Nf3 Nbd7 6. e5 dxe5 7. dxe5 Ng4 8. e6 Bxc3+ 9. bxc3 fxe6 10. Ng5 Ndf6 11. Qxd8+ Kxd8 12. Nf7+ Ke8 13. Nxh8 Kf8 14. h3 Nh6 15. g4 Ne4 16. c4 Kg7 17. Bb2+ Kg8 18. Rd1 Nd6 19. c5 Ne8 20. Rd8 Kf8 21. Bc4 c6 22. Bxe6 1-0

[Event "Kimry-ch"]
[Site "Kimry"]
[Date "2005.01.??"]
[Round "9"]
[White "Zhadanov, Vasili B"]
[Black "Lashkov, Vladimir"]
[Result "1-0"]
[WhiteElo "2222"]
[BlackElo "2014"]
[PlyCount "109"]
[EventDate "2005.01.??"]
[EventType "swiss"]
[EventRounds "9"]
[EventCountry "RUS"]
[SourceTitle "EXT 2006"]
[Source "ChessBase"]
[SourceDate "2005.11.24"]
[SourceVersion "1"]
[SourceVersionDate "2005.11.24"]
[SourceQuality "1"]

1. e4 b6 2. d4 Bb7 3. Nc3 g6 4. f4 Bg7 5. Nf3 d6 6. Bc4 e6 7. d5 Bxc3+ 8. bxc3 exd5 9. exd5 Nf6 10. 0-0 0-0 11. f5 Bc8 12. fxg6 fxg6 13. Bh6 Re8 14. Bg5 Bf5 15. Nd4 Re5 16. Ne6 Qe7 17. Bxf6 Qxf6 18. Nxc7 Nd7 19. Nxa8 Qg5 20. Re1 Be4 21. Bf1 Rxd5 22. Qc1 Nf6 23. Nc7 Rd2 24. Re2 Qc5+ 25. Kh1 Rxe2 26. Bxe2 Qxc7 27. Qe3 Qc6 28. Bf3 Bxf3 29. Qxf3 Qxf3 30. gxf3 Kf7 31. Re1 Nd5 32. c4 Nb4 33. c3 Nc2 34. Re4 Na3 35. c5 bxc5 36. Ra4 Nb5 37. c4 Nd4 38. Rxa7+ Ke6 39. a4 Nxf3 40. a5 Ne5 41. a6 Nxc4 42. Rb7 Na5 43. a7 Nxb7 44. a8Q Kd5 45. Qxb7+ Kd4 46. Kg2 c4 47. Kf3 d5 48. Qc6 g5 49. Qf6+ Kd3 50. Qf5+ Kd4 51. Qxg5 c3 52. Ke2 Kc4 53. Qg1 h5 54. Kd1 h4 55. Kc2 1-0